[Event "7th Iberoamerican-ch 2019"]
[Site "Linares"]
[Date "2019.08.18"]
[Round "9.32"]
[White "Perera Borrego, Maria Adela"]
[Black "Lianes Garcia, Marcos"]
[Result "0-1"]
[WhiteElo "2186"]
[BlackElo "2347"]
[Annotator "NA"]
[PlyCount "183"]
[EventDate "2019.08.10"]
[EventType "swiss"]
[EventCountry "ESP"]
[SourceTitle "playchess.com"]
[Source "ChessBase"]
[SourceQuality "1"]
[TimeControl "5400+30"]

1. d4 {[%emt 0:00:00]} g6 {[%emt 0:01:16]} 2. Nf3 Bg7 {[%emt 0:00:04]} 3. g3 {[%emt 0:00:55]} c5 {[%emt 0:00:11]} 4. d5 {[%emt 0:02:42]} d6 {[%emt 0:00:04]} 5. Bg2 {[%emt 0:03:16]} e5 {[%emt 0:02:23]} 6. e4 {[%emt 0:03:05]} Ne7 {[%emt 0:00:08]} 7. a4 {[%emt 0:00:23]} O-O {[%emt 0:00:29]} 8. Nc3 {[%emt 0:06:47]} h6 {[%emt 0:01:41]} 9. Nd2 {[%emt 0:03:17]} a6 {[%emt 0:06:19]} 10. a5 {[%emt 0:08:23]} b5 {[%emt 0:12:41]} 11. axb6 {[%emt 0:00:14]} Nd7 {[%emt 0:00:14]} 12. b7 {[%emt 0:09:37]} Bxb7 {[%emt 0:00:05]} 13. Nc4 {[%emt 0:00:19]} Nb6 {[%emt 0:00:38]} 14. Na5 {[%emt 0:00:35]} Qc7 {[%emt 0:02:27]} 15. O-O {[%emt 0:01:30]} f5 {[%emt 0:00:52]} 16. f3 {[%emt 0:01:32]} f4 {[%emt 0:01:29]} 17. Bd2 {[%emt 0:04:59]} g5 {[%emt 0:02:30]} 18. Nxb7 {[%emt 0:04:31]} Qxb7 {[%emt 0:00:03]} 19. Qe2 {[%emt 0:00:20]} Ra7 {[%emt 0:08:07]} 20. Ra5 {[%emt 0:01:08]} Na8 {[%emt 0:00:10]} 21. Rfa1 {[%emt 0:01:37]} Nc7 {[%emt 0:00:04]} 22. Bf1 {[%emt 0:01:36]} Rfa8 {[%emt 0:01:07]} 23. b3 {[%emt 0:02:24]} Qc8 {[%emt 0:04:49]} 24. R1a2 {[%emt 0:02:30]} h5 {[%emt 0:01:44]} 25. Na4 {[%emt 0:04:49]} Rb7 {[%emt 0:01:19]} 26. Qd1 {[%emt 0:03:41]} Ng6 {[%emt 0:13:53]} 27. Nb2 {[%emt 0:01:03]} Bf8 {[%emt 0:07:02]} 28. Be1 {[%emt 0:09:17]} Rbb8 {[%emt 0:11:31]} 29. Nc4 {[%emt 0:07:36]} Nb5 {[%emt 0:03:50]} 30. c3 {[%emt 0:02:31]} Nc7 {[%emt 0:02:13]} 31. Nd2 {[%emt 0:05:11]} Be7 {[%emt 0:06:33]} 32. Qa1 {[%emt 0:01:03]} g4 {[%emt 0:02:03]} 33. Be2 {[%emt 0:01:57]} fxg3 {[%emt 0:01:10]} 34. hxg3 {[%emt 0:00:33]} h4 {[%emt 0:00:19]} 35. fxg4 {[%emt 0:01:57]} hxg3 {[%emt 0:00:11]} 36. Bxg3 {[%emt 0:00:30]} Qd7 {[%emt 0:00:45]} 37. Qf1 {[%emt 0:01:30]} Rf8 {[%emt 0:00:06]} 38. Qg2 {[%emt 0:00:30]} Bg5 {[%emt 0:01:02]} 39. Nc4 {[%emt 0:02:37]} Rab8 {[%emt 0:00:12]} 40. Bd1 {[%emt 0:00:42]} Kg7 {[%emt 0:00:16]} 41. Rf2 {[%emt 0:00:48]} Rxf2 {[%emt 0:04:26]} 42. Qxf2 {[%emt 0:01:01]} Rf8 {[%emt 0:00:05]} 43. Qg2 {[%emt 0:00:36]} Rf6 {[%emt 0:00:14]} 44. Ra2 {[%emt 0:00:29]} Nb5 {[%emt 0:00:05]} 45. Rc2 {[%emt 0:01:45]} Qf7 {[%emt 0:00:34]} 46. Be2 {[%emt 0:00:34]} Qf8 {[%emt 0:01:01]} 47. Kh1 {[%emt 0:00:18]} Qh8+ {[%emt 0:01:22]} 48. Kg1 {[%emt 0:00:18]} Qd8 {[%emt 0:00:24]} 49. Bf1 {[%emt 0:00:33]} Qb8 {[%emt 0:00:36]} 50. Qe2 {[%emt 0:00:30]} Qf8 {[%emt 0:01:56]} 51. Bg2 {[%emt 0:00:22]} Bf4 {[%emt 0:00:26]} 52. Qe1 {[%emt 0:00:41]} Qe7 {[%emt 0:01:42]} 53. Ne3 {[%emt 0:00:21]} Bxe3+ {[%emt 0:00:15]} 54. Qxe3 {[%emt 0:00:01]} Rf8 {[%emt 0:00:22]} 55. Rf2 {[%emt 0:00:35]} Rxf2 {[%emt 0:00:10]} 56. Kxf2 {[%emt 0:00:20]} Qd8 {[%emt 0:00:20]} 57. Bf1 {[%emt 0:01:23]} Qa5 {[%emt 0:00:26]} 58. Bxb5 {[%emt 0:00:26]} axb5 {[%emt 0:00:04]} 59. Qd2 {[%emt 0:00:29]} Qa1 {[%emt 0:00:19]} 60. c4 {[%emt 0:00:45]} b4 {[%emt 0:00:24]} 61. Kg2 {[%emt 0:00:31]} Qb1 {[%emt 0:00:10]} 62. Qe3 {[%emt 0:00:33]} Qc2+ {[%emt 0:00:09]} 63. Kf1 {[%emt 0:00:26]} Qd1+ {[%emt 0:00:04]} 64. Kf2 {[%emt 0:00:18]} Qxg4 {[%emt 0:00:14]} 65. Qf3 {[%emt 0:00:34]} Qg5 {[%emt 0:00:06]} 66. Ke2 {[%emt 0:00:25]} Kg8 {[%emt 0:02:50]} 67. Be1 {[%emt 0:00:41]} Nf4+ {[%emt 0:00:09]} 68. Kd1 {[%emt 0:00:14]} Qg1 {[%emt 0:00:43]} 69. Qg3+ {[%emt 0:00:41]} Qxg3 {[%emt 0:00:01]} 70. Bxg3 {[%emt 0:00:01]} Nh5 {[%emt 0:01:35]} 71. Bh4 {[%emt 0:00:25]} Kf7 {[%emt 0:00:02]} 72. Ke2 {[%emt 0:00:28]} Nf4+ {[%emt 0:00:03]} 73. Kf3 {[%emt 0:00:54]} Nd3 {[%emt 0:01:05]} 74. Bg5 {[%emt 0:00:34]} Ne1+ {[%emt 0:00:02]} 75. Ke2 {[%emt 0:00:50]} Nc2 {[%emt 0:00:04]} 76. Be3 {[%emt 0:00:28]} Na1 {[%emt 0:00:23]} 77. Kd3 {[%emt 0:00:28]} Nxb3 {[%emt 0:00:04]} 78. Bh6 {[%emt 0:00:12]} Nd4 {[%emt 0:00:25]} 79. Bg5 {[%emt 0:00:25]} Nf3 {[%emt 0:00:37]} 80. Bh6 {[%emt 0:00:14]} Nh4 {[%emt 0:00:30]} 81. Bg5 {[%emt 0:00:21]} Ng6 {[%emt 0:00:11]} 82. Bd8 {[%emt 0:00:53]} Ne7 {[%emt 0:00:45]} 83. Bc7 {[%emt 0:00:34]} Nc8 {[%emt 0:00:04]} 84. Bd8 {[%emt 0:00:01]} Kg6 {[%emt 0:00:10]} 85. Bh4 {[%emt 0:01:17]} Kh5 {[%emt 0:00:04]} 86. Be1 {[%emt 0:00:19]} Nb6 {[%emt 0:00:35]} 87. Bd2 {[%emt 0:00:08]} Kg4 {[%emt 0:00:13]} 88. Bh6 {[%emt 0:00:08]} Kf3 {[%emt 0:00:22]} 89. Bf8 {[%emt 0:00:17]} Nc8 {[%emt 0:00:07]} 90. Bh6 {[%emt 0:00:25]} b3 {[%emt 0:00:29]} 91. Kc3 {[%emt 0:00:51]} Kxe4 {[%emt 0:00:07]} 92. Kxb3 {[%emt 0:00:02]} 0-1

[Event "7th Iberoamerican-ch 2019"]
[Site "Linares"]
[Date "2019.08.18"]
[Round "9.33"]
[White "Collado Barbas, Laura"]
[Black "Garcia Martin, Marta"]
[Result "0-1"]
[WhiteElo "2070"]
[BlackElo "2313"]
[Annotator "NA"]
[PlyCount "64"]
[EventDate "2019.08.10"]
[EventType "swiss"]
[EventCountry "ESP"]
[SourceTitle "playchess.com"]
[Source "ChessBase"]
[SourceQuality "1"]
[TimeControl "5400+30"]

1. d4 {[%emt 0:00:00]} d5 {[%emt 0:00:00]} 2. c4 {[%emt 0:00:00]} e6 {[%emt 0:00:00]} 3. Nc3 {[%emt 0:00:00]} Bb4 {[%emt 0:00:00]} 4. Nf3 {[%emt 0:00:18]} dxc4 {[%emt 0:01:09]} 5. e3 {[%emt 0:01:45]} b5 {[%emt 0:01:26]} 6. Bd2 {[%emt 0:02:15]} c6 {[%emt 0:06:17]} 7. a4 {[%emt 0:12:50]} a5 {[%emt 0:00:38]} 8. axb5 {[%emt 0:00:13]} Bxc3 {[%emt 0:00:06]} 9. Bxc3 {[%emt 0:00:15]} cxb5 {[%emt 0:00:05]} 10. b3 {[%emt 0:06:07]} Bb7 {[%emt 0:00:09]} 11. d5 {[%emt 0:05:49]} Nf6 {[%emt 0:02:13]} 12. bxc4 {[%emt 0:00:28]} b4 {[%emt 0:04:34]} 13. Bxf6 {[%emt 0:00:31]} gxf6 {[%emt 0:11:05]} 14. Nd4 {[%emt 0:04:36]} e5 {[%emt 0:13:33]} 15. Nf5 {[%emt 0:04:54]} Bc8 {[%emt 0:01:14]} 16. Nh6 {[%emt 0:03:11]} f5 {[%emt 0:09:27]} 17. Qh5 {[%emt 0:07:07]} Qf6 {[%emt 0:00:10]} 18. e4 {[%emt 0:06:43]} Qg6 {[%emt 0:22:19]} 19. Nxf5 {[%emt 0:01:53]} Bxf5 {[%emt 0:01:48]} 20. Qxf5 {[%emt 0:00:06]} Qxf5 {[%emt 0:00:27]} 21. exf5 {[%emt 0:07:17]} Nd7 {[%emt 0:02:56]} 22. Be2 {[%emt 0:00:53]} Ke7 {[%emt 0:06:58]} 23. Kd2 Nc5 {[%emt 0:00:40]} 24. Kc2 {[%emt 0:04:02]} Kd6 25. Rhb1 {[%emt 0:05:16]} Rhb8 {[%emt 0:01:35]} 26. f3 a4 {[%emt 0:07:42]} 27. Bd1 {[%emt 0:02:29]} h5 {[%emt 0:02:58]} 28. h4 {[%emt 0:10:29]} Nb3 {[%emt 0:00:30]} 29. g3 {[%emt 0:02:50]} Nd4+ {[%emt 0:01:50] Ra2 b3+} 30. Kd3 {[%emt 0:01:24]} Kc5 {[%emt 0:00:33]} 31. Ra3 {[%emt 0:10:55] Rb4 Rc1} Nxf5 {[%emt 0:02:02]} 32. f4 {[%emt 0:00:27]} exf4 {[%emt 0:00:52]} 0-1

[Event "7th Iberoamerican-ch 2019"]
[Site "Linares"]
[Date "2019.08.18"]
[Round "9.34"]
[White "Gil Quilez, Sonia"]
[Black "Balbuena Fuentes, Mario"]
[Result "1-0"]
[WhiteElo "2102"]
[BlackElo "2268"]
[Annotator "NA"]
[PlyCount "83"]
[EventDate "2019.08.10"]
[EventType "swiss"]
[EventCountry "ESP"]
[SourceTitle "playchess.com"]
[Source "ChessBase"]
[SourceQuality "1"]
[TimeControl "5400+30"]

1. d4 {[%emt 0:00:00]} e6 {[%emt 0:00:55]} 2. Nf3 {[%emt 0:00:00]} f5 {[%emt 0:00:27]} 3. g3 {[%emt 0:00:29]} Nf6 {[%emt 0:00:14]} 4. Bg2 {[%emt 0:00:20]} d5 {[%emt 0:00:25]} 5. c4 {[%emt 0:00:47]} c6 {[%emt 0:00:19]} 6. b3 {[%emt 0:00:45]} Bd6 {[%emt 0:00:20]} 7. O-O {[%emt 0:00:47]} Qe7 {[%emt 0:00:06]} 8. Bb2 {[%emt 0:01:48]} b6 {[%emt 0:00:16]} 9. Nc3 {[%emt 0:00:38]} Bb7 {[%emt 0:02:21]} 10. Qc1 {[%emt 0:01:16]} Nbd7 {[%emt 0:04:35]} 11. a4 {[%emt 0:01:41]} a5 {[%emt 0:00:32]} 12. Ba3 {[%emt 0:04:24]} Rc8 {[%emt 0:10:38]} 13. Bxd6 {[%emt 0:04:57]} Qxd6 {[%emt 0:00:07]} 14. Qe3 {[%emt 0:00:11]} O-O {[%emt 0:12:12]} 15. cxd5 {[%emt 0:15:32]} exd5 {[%emt 0:07:00]} 16. Ne5 {[%emt 0:01:18]} Rfe8 {[%emt 0:05:19]} 17. f4 {[%emt 0:02:07]} c5 {[%emt 0:07:09]} 18. Qd3 {[%emt 0:09:23]} Ne4 {[%emt 0:06:06]} 19. Nb5 {[%emt 0:08:41]} Qe6 {[%emt 0:02:31]} 20. e3 {[%emt 0:00:39]} c4 {[%emt 0:07:41]} 21. bxc4 {[%emt 0:01:07]} dxc4 {[%emt 0:00:02]} 22. Qa3 {[%emt 0:01:09]} Ndf6 {[%emt 0:00:42]} 23. Rac1 {[%emt 0:03:11]} Red8 {[%emt 0:03:01]} 24. Rc2 {[%emt 0:04:41]} Nd5 {[%emt 0:02:09]} 25. Bxe4 {[%emt 0:11:19]} fxe4 {[%emt 0:00:10]} 26. Rxc4 {[%emt 0:01:04]} Rxc4 {[%emt 0:04:50]} 27. Nxc4 {[%emt 0:00:03]} Nb4 {[%emt 0:02:55]} 28. Ne5 {[%emt 0:04:25]} Nd3 {[%emt 0:01:54]} 29. f5 {[%emt 0:01:15]} Qh6 {[%emt 0:04:08]} 30. Ng4 {[%emt 0:02:38]} Qg5 {[%emt 0:06:05]} 31. f6 {[%emt 0:01:19]} Nb4 {[%emt 0:00:54]} 32. f7+ {[%emt 0:04:33]} Kf8 {[%emt 0:00:02]} 33. Rf4 {[%emt 0:00:12]} Bd5 {[%emt 0:03:26]} 34. Ne5 {[%emt 0:00:42]} Qh5 {[%emt 0:00:23]} 35. Qc1 {[%emt 0:01:29]} Qg5 {[%emt 0:03:07]} 36. Qc7 {[%emt 0:07:18]} Qe7 {[%emt 0:00:14]} 37. Rh4 {[%emt 0:00:54]} Nd3 {[%emt 0:01:45]} 38. Rxh7 {[%emt 0:00:46]} Nxe5 {[%emt 0:00:10]} 39. Rh8+ {[%emt 0:00:53]} Kxf7 {[%emt 0:00:02]} 40. Qxd8 {[%emt 0:00:06]} Nf3+ {[%emt 0:00:31]} 41. Kf2 {[%emt 0:00:21]} Qe6 {[%emt 0:02:32]} 42. Nc7 {[%emt 0:01:20]} 1-0

[Event "7th Iberoamerican-ch 2019"]
[Site "Linares"]
[Date "2019.08.18"]
[Round "9.35"]
[White "Rodriguez Perez, Angel Mariano"]
[Black "Arroyo Rodriguez, Jesus"]
[Result "1-0"]
[WhiteElo "2223"]
[BlackElo "2126"]
[Annotator "NA"]
[PlyCount "83"]
[EventDate "2019.08.10"]
[EventType "swiss"]
[EventCountry "ESP"]
[SourceTitle "playchess.com"]
[Source "ChessBase"]
[SourceQuality "1"]
[TimeControl "5400+30"]

1. d4 {[%emt 0:00:00]} e6 {[%emt 0:00:00]} 2. e4 {[%emt 0:00:04]} d5 {[%emt 0:00:08]} 3. Bd3 {[%emt 0:00:30]} dxe4 {[%emt 0:00:30]} 4. Bxe4 {[%emt 0:00:30]} Nf6 {[%emt 0:00:30]} 5. Bf3 {[%emt 0:00:16]} Bd6 6. Ne2 {[%emt 0:00:30]} O-O {[%emt 0:01:48]} 7. O-O {[%emt 0:00:04]} c6 {[%emt 0:00:33]} 8. g3 {[%emt 0:00:29]} b6 {[%emt 0:03:29]} 9. Nbc3 {[%emt 0:00:30]} Bb7 {[%emt 0:03:03]} 10. Bg5 {[%emt 0:10:43]} Nbd7 {[%emt 0:00:41]} 11. Ne4 {[%emt 0:02:12]} Be7 {[%emt 0:03:12]} 12. Nxf6+ Nxf6 13. c3 {[%emt 0:01:13]} Qc7 {[%emt 0:02:03]} 14. Bf4 {[%emt 0:03:07]} Qc8 {[%emt 0:04:00]} 15. Qc2 {[%emt 0:02:21]} c5 {[%emt 0:03:51]} 16. Bxb7 {[%emt 0:08:40]} Qxb7 {[%emt 0:00:01]} 17. Bg5 {[%emt 0:00:48]} Rac8 {[%emt 0:04:09]} 18. Rfd1 {[%emt 0:07:58]} b5 {[%emt 0:09:47]} 19. Rac1 {[%emt 0:12:28]} a6 {[%emt 0:16:22]} 20. Rd3 {[%emt 0:05:14]} Rfe8 {[%emt 0:03:11]} 21. Bxf6 {[%emt 0:03:09]} Bxf6 {[%emt 0:00:20]} 22. Rcd1 {[%emt 0:03:30]} a5 {[%emt 0:07:45]} 23. dxc5 {[%emt 0:01:44]} Rxc5 {[%emt 0:00:34]} 24. Rd7 {[%emt 0:00:21]} Qa8 {[%emt 0:01:32]} 25. Nf4 {[%emt 0:01:53]} Rec8 {[%emt 0:04:37]} 26. Qe2 {[%emt 0:01:24]} g6 {[%emt 0:02:44]} 27. Nd3 {[%emt 0:03:05]} Rf5 {[%emt 0:03:39]} 28. f4 {[%emt 0:03:15]} b4 {[%emt 0:00:49]} 29. Ne5 {[%emt 0:05:33]} Bd8 {[%emt 0:02:11]} 30. Qe3 {[%emt 0:04:05]} h5 {[%emt 0:11:25]} 31. c4 {[%emt 0:00:47]} Qb8 {[%emt 0:07:40]} 32. Qe4 {[%emt 0:01:04]} Bb6+ {[%emt 0:00:24]} 33. Kg2 {[%emt 0:00:16]} Qa8 {[%emt 0:04:51]} 34. Qxa8 {[%emt 0:00:50]} Rxa8 {[%emt 0:00:01]} 35. Rb7 {[%emt 0:00:03]} Bc5 {[%emt 0:01:08]} 36. Rdd7 {[%emt 0:00:22]} h4 {[%emt 0:00:30]} 37. Nxf7 {[%emt 0:00:41]} Kf8 {[%emt 0:00:27]} 38. Ne5 {[%emt 0:01:20]} g5 {[%emt 0:00:30]} 39. Rh7 {[%emt 0:00:36]} Ke8 {[%emt 0:00:10]} 40. Nf7 {[%emt 0:01:47]} gxf4 {[%emt 0:00:22]} 41. Rh8+ {[%emt 0:00:09]} Bf8 {[%emt 0:00:17]} 42. Nd6+ {[%emt 0:00:07]} 1-0

[Event "7th Iberoamerican-ch 2019"]
[Site "Linares"]
[Date "2019.08.18"]
[Round "9.36"]
[White "Silva, Goncalo Nuno Neto Pi"]
[Black "Jimenez Bernal, Francisco"]
[Result "1/2-1/2"]
[WhiteElo "2085"]
[BlackElo "2222"]
[Annotator "NA"]
[PlyCount "119"]
[EventDate "2019.08.10"]
[EventType "swiss"]
[EventCountry "ESP"]
[SourceTitle "playchess.com"]
[Source "ChessBase"]
[SourceQuality "1"]
[TimeControl "5400+30"]

1. e4 {[%emt 0:06:19]} c5 {[%emt 0:00:00]} 2. Nf3 {[%emt 0:00:03]} e6 {[%emt 0:00:00]} 3. c3 {[%emt 0:00:03]} Nf6 {[%emt 0:00:00]} 4. e5 {[%emt 0:00:39]} Nd5 {[%emt 0:00:00]} 5. Bc4 {[%emt 0:00:18]} d6 {[%emt 0:00:12]} 6. O-O {[%emt 0:00:10]} Nc6 {[%emt 0:01:00]} 7. d4 {[%emt 0:01:36]} cxd4 {[%emt 0:01:12]} 8. cxd4 {[%emt 0:00:48]} Be7 {[%emt 0:00:11]} 9. Nbd2 {[%emt 0:01:07]} dxe5 {[%emt 0:08:18]} 10. dxe5 {[%emt 0:00:08]} Nb6 {[%emt 0:06:28]} 11. Bb3 {[%emt 0:00:53]} Nd4 {[%emt 0:09:37]} 12. Nxd4 {[%emt 0:00:47]} Qxd4 {[%emt 0:00:02]} 13. Qe2 {[%emt 0:00:09]} Bd7 {[%emt 0:06:05]} 14. h3 {[%emt 0:05:07]} Bc6 {[%emt 0:02:42]} 15. Nf3 {[%emt 0:00:15]} Qe4 {[%emt 0:01:29]} 16. Be3 {[%emt 0:00:13]} Nd5 {[%emt 0:05:56]} 17. Bc2 {[%emt 0:02:20]} Nf4 {[%emt 0:00:18]} 18. Qd1 {[%emt 0:01:15]} Nxh3+ {[%emt 0:03:21]} 19. Kh2 {[%emt 0:01:26]} Qg4 {[%emt 0:00:16]} 20. gxh3 {[%emt 0:02:41]} Qxf3 {[%emt 0:00:10]} 21. Qxf3 {[%emt 0:00:05]} Bxf3 {[%emt 0:00:03]} 22. Ba4+ {[%emt 0:00:08]} Kf8 {[%emt 0:02:37]} 23. Rac1 {[%emt 0:00:35]} g5 {[%emt 0:01:38]} 24. Kg3 {[%emt 0:01:33]} Bd5 {[%emt 0:00:37]} 25. Bb3 {[%emt 0:03:04]} Bc6 {[%emt 0:01:57]} 26. Kh2 {[%emt 0:02:57]} Rg8 {[%emt 0:03:09]} 27. Rg1 {[%emt 0:00:26]} a6 {[%emt 0:06:21]} 28. f4 {[%emt 0:01:35]} h6 {[%emt 0:02:06]} 29. Rcf1 {[%emt 0:00:08]} Ke8 {[%emt 0:01:03]} 30. f5 {[%emt 0:00:17]} Rd8 {[%emt 0:05:52]} 31. fxe6 {[%emt 0:01:45]} fxe6 {[%emt 0:00:17]} 32. Bxe6 {[%emt 0:00:14]} Rf8 {[%emt 0:00:30]} 33. Rxf8+ {[%emt 0:01:27]} Bxf8 {[%emt 0:00:12]} 34. Rf1 {[%emt 0:00:22]} Rd3 {[%emt 0:06:24]} 35. Bb6 {[%emt 0:02:14]} Rd2+ {[%emt 0:02:25]} 36. Rf2 {[%emt 0:00:02]} Rxf2+ {[%emt 0:06:57]} 37. Bxf2 {[%emt 0:00:02]} Bb4 {[%emt 0:00:12]} 38. Kg3 {[%emt 0:04:03]} Bd2 {[%emt 0:05:07]} 39. Kg4 {[%emt 0:00:40]} Bf4 {[%emt 0:01:26]} 40. Kf5 {[%emt 0:01:01]} Bc1 {[%emt 0:06:34]} 41. Bd4 {[%emt 0:00:40]} Ke7 {[%emt 0:01:28]} 42. b3 {[%emt 0:02:12]} Be4+ {[%emt 0:00:19]} 43. Kxe4 {[%emt 0:00:18]} Kxe6 {[%emt 0:00:01]} 44. a4 {[%emt 0:02:32]} Bd2 {[%emt 0:02:24]} 45. Bb2 {[%emt 0:00:07]} Be1 {[%emt 0:00:26]} 46. Bd4 {[%emt 0:00:56]} Bg3 {[%emt 0:00:23]} 47. Bc3 {[%emt 0:01:30]} Bh2 {[%emt 0:01:16]} 48. Bd4 {[%emt 0:02:11]} h5 {[%emt 0:01:13]} 49. Bc3 {[%emt 0:01:38]} g4 {[%emt 0:00:54]} 50. hxg4 {[%emt 0:00:05]} hxg4 {[%emt 0:00:01]} 51. Bb2 {[%emt 0:00:33]} Bg3 {[%emt 0:02:19]} 52. Bc3 {[%emt 0:00:17]} Bh2 {[%emt 0:00:25]} 53. Bb2 {[%emt 0:00:06]} g3 {[%emt 0:01:36]} 54. Kf3 {[%emt 0:00:04]} g2 {[%emt 0:00:05]} 55. Kxg2 {[%emt 0:00:03]} Bxe5 {[%emt 0:00:04]} 56. Bc1 {[%emt 0:00:08]} Kd5 {[%emt 0:00:47]} 57. Kf3 {[%emt 0:00:10]} Bc3 {[%emt 0:01:06]} 58. Ke3 {[%emt 0:00:48]} Be1 {[%emt 0:00:27]} 59. Kd3 {[%emt 0:00:06]} Bb4 {[%emt 0:00:16]} 60. Bf4 {[%emt 0:00:13] Ke5 Ke4+} 1/2-1/2

[Event "7th Iberoamerican-ch 2019"]
[Site "Linares"]
[Date "2019.08.18"]
[Round "9.37"]
[White "Sanchez Jerez, Emilio Miguel"]
[Black "Luque Saiz, Andres"]
[Result "0-1"]
[WhiteElo "2141"]
[BlackElo "2106"]
[Annotator "NA"]
[PlyCount "91"]
[EventDate "2019.08.10"]
[EventType "swiss"]
[EventCountry "ESP"]
[SourceTitle "playchess.com"]
[Source "ChessBase"]
[SourceQuality "1"]
[TimeControl "5400+30"]

1. Nf3 {[%emt 0:00:25]} d5 {[%emt 0:00:04]} 2. g3 {[%emt 0:00:06]} Nf6 {[%emt 0:00:29]} 3. Bg2 {[%emt 0:00:06]} c6 {[%emt 0:01:03]} 4. O-O {[%emt 0:00:11]} Bf5 {[%emt 0:00:36]} 5. d3 {[%emt 0:00:08]} Nbd7 {[%emt 0:00:44]} 6. Nh4 {[%emt 0:10:54]} Bg6 {[%emt 0:01:53]} 7. Nd2 {[%emt 0:04:43]} e6 {[%emt 0:03:52]} 8. Nxg6 {[%emt 0:02:18]} hxg6 {[%emt 0:00:06]} 9. e4 {[%emt 0:00:11]} dxe4 {[%emt 0:02:10]} 10. dxe4 {[%emt 0:03:57]} Bc5 {[%emt 0:05:26]} 11. Qe2 {[%emt 0:21:36]} Qc7 {[%emt 0:06:11]} 12. Nf3 Rh5 {[%emt 0:05:49]} 13. Bf4 {[%emt 0:12:20]} Qb6 {[%emt 0:06:29]} 14. Ng5 {[%emt 0:07:30]} Nh7 {[%emt 0:17:10]} 15. h4 {[%emt 0:07:02]} Nxg5 {[%emt 0:00:55]} 16. Bxg5 {[%emt 0:00:02]} Be7 {[%emt 0:12:57]} 17. Bf3 {[%emt 0:03:50]} Rh8 {[%emt 0:00:49]} 18. Bxe7 {[%emt 0:01:22]} Kxe7 19. e5 {[%emt 0:00:52]} Qxb2 {[%emt 0:08:29]} 20. Rfe1 {[%emt 0:00:16]} Qb6 {[%emt 0:00:31]} 21. Qd2 {[%emt 0:02:38]} Rhd8 {[%emt 0:05:41]} 22. Rab1 {[%emt 0:03:03]} Nxe5 {[%emt 0:07:16]} 23. Qg5+ {[%emt 0:04:53]} f6 {[%emt 0:00:30]} 24. Qf4 {[%emt 0:01:47]} Qc7 {[%emt 0:01:55]} 25. Be2 {[%emt 0:01:23]} c5 {[%emt 0:01:14]} 26. Qe4 {[%emt 0:01:58]} Rab8 {[%emt 0:02:55]} 27. f4 {[%emt 0:00:50]} Qc6 {[%emt 0:00:18]} 28. Qe3 {[%emt 0:00:59]} Nd7 {[%emt 0:01:09]} 29. Bb5 {[%emt 0:04:21]} Qd6 {[%emt 0:00:08]} 30. Rbd1 {[%emt 0:00:38]} Qb6 {[%emt 0:00:13]} 31. Bxd7 Rxd7 {[%emt 0:00:10]} 32. Rxd7+ {[%emt 0:01:19]} Kxd7 {[%emt 0:00:26]} 33. Qd3+ Qd6 {[%emt 0:04:43]} 34. Qxg6 {[%emt 0:00:31]} Qe7 {[%emt 0:00:16]} 35. Qe4 {[%emt 0:00:54]} a6 {[%emt 0:01:33]} 36. f5 {[%emt 0:01:15]} e5 {[%emt 0:00:09]} 37. Rd1+ {[%emt 0:01:22]} Kc7 38. c4 {[%emt 0:00:57]} Rd8 {[%emt 0:00:50]} 39. Rd5 {[%emt 0:01:27]} b5 {[%emt 0:02:16]} 40. cxb5 {[%emt 0:01:24]} axb5 41. a4 bxa4 {[%emt 0:00:35]} 42. Rd3 {[%emt 0:00:57]} Rxd3 {[%emt 0:01:16]} 43. Qxd3 Qd6 44. Qb5 {[%emt 0:00:19]} Qc6 {[%emt 0:01:00]} 45. Qa5+ {[%emt 0:00:00] Kd8 Qxd8 Qd7} Qb6 {[%emt 0:01:20]} 46. Qd2 {[%emt 0:00:27]} 0-1

[Event "7th Iberoamerican-ch 2019"]
[Site "Linares"]
[Date "2019.08.18"]
[Round "9.38"]
[White "Jesus Reyes, Javier"]
[Black "Vega Gutierrez, Belinda"]
[Result "0-1"]
[WhiteElo "2021"]
[BlackElo "2133"]
[Annotator "NA"]
[PlyCount "36"]
[EventDate "2019.08.10"]
[EventType "swiss"]
[EventCountry "ESP"]
[SourceTitle "playchess.com"]
[Source "ChessBase"]
[SourceQuality "1"]
[TimeControl "5400+30"]

1. d4 {[%emt 0:00:00]} Nf6 {[%emt 0:00:00]} 2. c4 {[%emt 0:00:00]} g6 {[%emt 0:00:00]} 3. Nc3 {[%emt 0:00:00]} d5 {[%emt 0:00:07]} 4. Bg5 {[%emt 0:00:21]} dxc4 {[%emt 0:04:10]} 5. e4 {[%emt 0:06:00]} Nc6 {[%emt 0:06:40]} 6. e5 {[%emt 0:03:56]} Nd5 {[%emt 0:03:23]} 7. Bxc4 {[%emt 0:00:11]} Be6 {[%emt 0:00:46]} 8. Qa4 {[%emt 0:17:16]} Nb6 {[%emt 0:01:15]} 9. Qc2 {[%emt 0:07:25]} Bxc4 {[%emt 0:00:24]} 10. d5 {[%emt 0:01:32]} Nxe5 {[%emt 0:02:11]} 11. O-O-O {[%emt 0:02:06]} Bg7 {[%emt 0:01:56]} 12. Qe4 {[%emt 0:05:39]} Qd7 {[%emt 0:06:05]} 13. f4 {[%emt 0:05:45]} Ng4 {[%emt 0:04:31]} 14. Re1 {[%emt 0:04:18]} O-O-O {[%emt 0:06:57]} 15. Qc2 {[%emt 0:03:07]} Bxc3 {[%emt 0:09:08]} 16. Qxc3 {[%emt 0:03:09]} f6 {[%emt 0:07:15]} 17. Bh4 {[%emt 0:06:53]} Bxd5 {[%emt 0:00:54]} 18. h3 {[%emt 0:00:15]} Bxg2 0-1

[Event "7th Iberoamerican-ch 2019"]
[Site "Linares"]
[Date "2019.08.18"]
[Round "9.39"]
[White "Carrasco Sagredo, Manuel"]
[Black "Gines Abad, Pedro"]
[Result "1-0"]
[WhiteElo "2106"]
[BlackElo "1964"]
[Annotator "NA"]
[PlyCount "53"]
[EventDate "2019.08.10"]
[EventType "swiss"]
[EventCountry "ESP"]
[SourceTitle "playchess.com"]
[Source "ChessBase"]
[SourceQuality "1"]
[TimeControl "5400+30"]

1. e4 {[%emt 0:00:00]} c6 {[%emt 0:05:03]} 2. d4 {[%emt 0:01:28]} d5 {[%emt 0:00:10]} 3. Nd2 {[%emt 0:00:18]} dxe4 {[%emt 0:00:06]} 4. Nxe4 {[%emt 0:00:04]} Bf5 {[%emt 0:00:05]} 5. Ng3 {[%emt 0:00:57]} Bg6 {[%emt 0:00:07]} 6. h4 {[%emt 0:00:15]} h6 {[%emt 0:00:07]} 7. Nf3 {[%emt 0:01:20]} Nd7 {[%emt 0:00:04]} 8. h5 {[%emt 0:00:16]} Bh7 {[%emt 0:00:05]} 9. Bd3 {[%emt 0:00:04]} Bxd3 {[%emt 0:00:07]} 10. Qxd3 {[%emt 0:00:06]} e6 {[%emt 0:00:04]} 11. Bd2 {[%emt 0:00:40]} Ngf6 {[%emt 0:00:15]} 12. O-O-O {[%emt 0:01:52]} Qc7 {[%emt 0:07:18]} 13. Kb1 {[%emt 0:00:50]} O-O-O {[%emt 0:00:17]} 14. c4 {[%emt 0:13:58]} Kb8 {[%emt 0:05:12]} 15. Bc3 {[%emt 0:01:29]} Bd6 {[%emt 0:05:05]} 16. Ne4 {[%emt 0:00:48]} Be7 {[%emt 0:03:55]} 17. g3 {[%emt 0:15:31]} c5 {[%emt 0:03:00]} 18. d5 {[%emt 0:02:18]} Nxe4 {[%emt 0:06:09]} 19. Qxe4 {[%emt 0:01:23]} Bf6 {[%emt 0:00:35]} 20. dxe6 {[%emt 0:03:24]} Bxc3 {[%emt 0:08:39]} 21. Rxd7 {[%emt 0:00:38]} Rxd7 {[%emt 0:11:26]} 22. exd7 {[%emt 0:00:36]} Bf6 {[%emt 0:02:39]} 23. Qe8+ {[%emt 0:06:30]} Qd8 {[%emt 0:00:23]} 24. Qxf7 {[%emt 0:00:50]} Qb6 {[%emt 0:00:25]} 25. Qe8+ {[%emt 0:00:24]} Kc7 {[%emt 0:07:27]} 26. Ne5 {[%emt 0:03:51]} Bxe5 {[%emt 0:06:30]} 27. d8=Q# 1-0